000 00769nam a2200301Ia 4500
001 Z_3007
003 CHAP
008 220113s1990 xx 000 0 und d
010 _a166094
020 _a968-24-3673-7
040 _cCHAP
082 _a636.089 O23e 1990
100 _aOcádiz García, Javier
_982719
245 _aEpidemiología en animales domésticos : control de enfermedades /
_cpor Javier Ocádiz García
250 _a2 ed.
260 _aMéxico, D. F. :
_bTrillas,
_c1990
300 _a196 p.
503 _aC/E
650 _aEpidemiología
650 _aGanado
_xEnfermedades
_944909
650 _aVeterinaria
_9118987
901 _a636.089 O23E 1990
902 _aM
910 _a1990
942 _c1
942 _cc1
999 _c166094
_d166094